000 00321nam a2200157Ia 4500
100 _aGupta/J.B
650 _aEDC
942 _cBK
366 _f10
654 _adevices
245 _aElectronic devices and circuits
260 _bKataria
_c2000
082 _a621.3815/GUP
_bGUP
300 _a1209
546 _aENGLISH
999 _c22842
_d22842